Tổng quan về FTA Hàn Quốc /

Đã lưu trong:
Bibliografiske detaljer
Hovedforfatter: Ngô Minh Thanh, ThS.
Format: Bài viết
Sprog:Vietnamese
Fag:
Tags: Tilføj Tag
Ingen Tags, Vær først til at tagge denne postø!
Thư viện lưu trữ: Thư viện Trường Đại học Đà Lạt
LEADER 00756nam a2200265 4500
001 DLU140164108
005 ##20140915
040 # # |a DLU  |b vie 
041 # # |a vie 
044 # # |a vn 
100 # # |a Ngô Minh Thanh,   |c ThS. 
245 # # |a Tổng quan về FTA Hàn Quốc /  |c Ngô Minh Thanh. 
653 # # |a Cạnh tranh 
653 # # |a Chính sách thương mại 
653 # # |a Hàn Quốc 
773 # # |t Tạp chí Nghiên cứu Đông Bắc Á  |g Số 2(132), 2012, tr.17-29 
920 # # |a Phòng Tạp chí -- Trung tâm Thông tin - Thư viện Trường Đại học Đà Lạt 
994 # # |a DLU 
900 # # |a True 
911 # # |a Trần Thị Minh Hương 
925 # # |a G 
926 # # |a A 
927 # # |a BB 
980 # # |a Thư viện Trường Đại học Đà Lạt